Top 100 des plus grandes villes d’Indonésie - Statistiques

Statistiques générales
  • Ce quiz a été pris 38 fois
  • Le résultat moyen est 10 sur 100
Statistiques - réponses
Population Villes % Correct
10 473 000 Jakarta
100%
4 975 000 Surabaya
69%
2 394 873 Bandung
62%
788 589 Denpasar
41%
2 435 252 Medan
41%
388 627 Yogyakarta
41%
1 338 663 Makassar
31%
1 455 284 Palembang
28%
1 555 984 Semarang
24%
223 446 Banda Aceh
21%
833 562 Padang
21%
675 468 Pontianak
21%
944 285 Batam
17%
2 381 053 Bekasi
17%
820 243 Malang
17%
74 800 Ubud
17%
331 254 Ambon
14%
982 469 Bogor
14%
1 631 951 Depok
14%
531 857 Jambi
14%
402 843 Mataram
14%
359 350 Palu
14%
897 767 Pekanbaru
14%
1 912 679 Tangerang
14%
557 579 Balikpapan
10%
881 801 Bandar Lampung
10%
182 819 Banjar
10%
625 481 Banjarmasin
10%
308 544 Bengkulu
10%
180 127 Gorontalo
10%
433 970 Kupang
10%
499 337 Surakarta
10%
272 763 Banjarbaru
7%
136 492 Bima
7%
113 326 Bukittinggi
7%
450 507 Cilegon
7%
590 782 Cimahi
7%
296 389 Cirebon
7%
256 705 Jayapura
7%
298 820 Kediri
7%
331 013 Kendari
7%
180 200 Lhokseumawe
7%
220 962 Palangkaraya
7%
246 980 Probolinggo
7%
727 500 Samarinda
7%
272 349 Sorong
7%
360 644 Sukabumi
7%
234 840 Tanjungpinang
7%
201 635 Tarakan
7%
678 027 Tasikmalaya
7%
275 789 Tegal
7%
221 714 Batu
3%
152 143 Bau-Bau
3%
246 154 Binjai
3%
187 652 Bitung
3%
159 781 Blitar
3%
161 413 Bontang
3%
338 064 Dumai
3%
88 921 Ende
3%
127 980 Garut
3%
142 890 Gunungsitoli
3%
120 597 Kotamobagu
3%
178 334 Langsa
3%
208 225 Lubuklinggau
3%
202 544 Madiun
3%
124 912 Magelang
3%
161 799 Metro
3%
120 196 Mojokerto
3%
58 627 Padang Panjang
3%
225 544 Padang Sidempuan
3%
150 881 Pagar Alam
3%
180 130 Palopo
3%
174 758 Pangkal Pinang
3%
129 262 Pare-Pare
3%
212 466 Pasuruan
3%
125 608 Payakumbuh
3%
317 524 Pekalongan
3%
234 698 Pematang Siantar
3%
188 082 Prabumulih
3%
170 332 Salatiga
3%
67 760 Sawahlunto
3%
613 356 Serang
3%
91 265 Sibolga
3%
230 376 Singkawang
3%
77 842 Solok
3%
99 771 Sungai Penuh
3%
1 644 899 Tangerang du Sud
3%
145 248 Tebing Tinggi
3%
103 171 Tidore
3%
96 411 Tomohon
3%
90 007 Tual
3%
89 550 Bangkalan
0%
97 770 Kota Subulussalam
0%
154 445 Kota Tanjung Balai
0%
204 920 Kota Ternate
0%
85 485 Pariaman
0%
47 477 Poos
0%
66 400 Selat Panjang
0%
231 711 Toli-Toli
0%
163 182 Ungaran
0%
Aucun quiz correspondant
Distribution des résultats
% des personnes avec chaque résultat
Percentile par nombre de réponses
Votre historique - résultats
Vous n’avez pas pris ce quiz